000 00968nam a2200277 i 4500
003 DO-SdBNP
005 20250509102648.0
007 ta
008 250509b2025 dr ac||| |||| 00| 0 spa d
020 _a9789945654639
040 _aDO-SdBNP
_bspa
_cBNPHU
_erda
041 _aspa
082 4 _axxx
_bG216m
_222
100 1 _aGarcía, Miguelina A.
_eautor
_4aut.
_987526
245 1 3 _aMi vida por el sendero de la fe :
_bmis testimonios /
_cMiguelina Altagracia González de García ; prólogo, José G. Vásquez.
264 _aSanto Domingo :
_bEditorial Santuario,
_c2025.
300 _a70 páginas :
_bilustraciones, retratos ;
_c23 cm.
336 _atexto
_btxt
_2rdacontent
337 _asin mediación
_bn
_2rdamedia
338 _avolumen
_bnc
_2rdacarrier
500 _aIncluye datos biográficos de la autora en las solapas
590 _aInventariado, 2025 /LP
700 1 _aVásquez, José G.
_eprologuista
_4aut.
_987713
910 _aLP
942 _2ddc
_cLBS1
999 _c58797
_d58797